000 00707nam a22002897a 4500
003 OSt
008 150515b xxu||||| |||| 00| 0 eng d
100 1 _aLindquist, H. L.
041 _aeng
050 0 0 _a383.2135S
245 1 0 _aThe Stamp Specialist
246 1 0 _aBlue Book (Number 6)
260 _aNew York, NY
_bH. L. Lindquist
300 _a160 pages
650 0 _aGeneral
650 0 _aUS Classic Issues
650 0 _aNewbury collection
650 0 _aJammu and Kashmir
650 0 _aPostal History
650 0 _aCanal Boat Letters
650 0 _aWorlds Fair Covers
650 0 _aRPO Covers
650 0 _aGreece
650 0 _aUS 1890 Issue
650 0 _aUS Civil War
650 0 _aPoland
999 _c1485
_d1485